000 00844nam a22002777a 4500
001 BR9903049
003 BR-BrBNA
005 20230928100426.0
007 ta
008 230509b bl.||||| |||| 00| 0 por d
040 _aBR-BrBNA
_bpor
_cBiblioteca Nacional de Agricultura
041 _a(Por)
072 _aP01
090 _ P01 BR9903049
100 1 _aBrito, M.C.W. de
110 1 _aSecretaria de Estado do Meio Ambiente, Sao Paulo, SP (Brasil)
_98926
245 1 _aCerrado: bases para conservacao e uso sustentavel das areas de cerrado do Estado de Sao Paulo
260 3 _aSao Paulo, SP (Brasil):
_c1997.
300 _a184 p.
500 _aBibliography p. 167-181; 10 tables; 19 illus.
650 _aCerrado
650 _aPreservacao da Natureza
650 _aSao Paulo
909 _a202309
_bLucia
_c55
_dLucia Elande
942 _cBK
999 _c61275
_d61275